Culture Générale - Série 679 - Statistiques

Statistiques générales
  • Ce quiz a été pris 182 fois
  • Le résultat moyen est 6 sur 10
Statistiques - réponses
Question Réponse % Correct
A quel pays doit-on le style de bande dessinée, appelé "manga" ? Japon
100%
Nonante est un adjectif numéral qui signifie... 90
94%
De quel organe du corps humain le myocarde est-il un muscle ? coeur
94%
Quel est le nom des habitants de la Slovénie ? Slovènes
93%
Quel sigle anglais utilisé dans les messages électroniques correspond au MDR ("mort de rire") français ? LOL
82%
La ligne qui, de 1940 à 1942, délimitait en France la zone occupée par les Allemands et la zone libre, était appelée la ligne de... démarcation
64%
De quel État des États-Unis la ville de Tallahassee est-elle la capitale ? Floride
40%
De quel roman de Franz Kafka, Joseph K. est-il le héros ? Le Procès
31%
Quel Américain est l'auteur du conte fantastique : "La Chute de la maison Usher" ? Edgar Allan Poe
22%
Le roman de Marc Levy, paru en juin 2010 a pour titre : "Le Voleur ... d'ombres
8%
Aucun quiz correspondant
Distribution des résultats
% des personnes avec chaque résultat
Percentile par nombre de réponses
Votre historique - résultats
Vous n’avez pas pris ce quiz